| 000 | 00340nam a2200133Ia 4500 | ||
|---|---|---|---|
| 008 | 230312s9999||||xx |||||||||||||| ||und|| | ||
| 082 |
_a005.74 _bDAT |
||
| 100 | _aDate C.J. | ||
| 245 | 3 | _aAn Introduction to Database systems | |
| 300 | _a938 | ||
| 546 | _aEng. | ||
| 650 |
_aComputer _vIntroduction , What is database ? Summary |
||
| 942 | _cBK | ||
| 999 |
_c2904 _d2904 |
||